000
00210 a2200097 4500
001
8870
100
_a
Matthiesen F O
245
_a
Oxofrd book of amearican verse
260
_a
_b
Oxford
_c
090
_c
7063
_d
7063
942
_a
NUST-CAE
_c
M
_c
33671
999
_c
243943
_d
243943